[Event "Maranhense select 2 Etapa"]
[Site "Itapecuru Mirim"]
[Date "2003.??.??"]
[Round "2"]
[White "Lucena, Silvio"]
[Black "Pontes, Israel Fellip"]
[Result "1-0"]
[WhiteElo "2098"]
[BlackElo "1912"]
[PlyCount "59"]
[EventDate "2003.02.??"]
[EventType "swiss"]
[EventRounds "6"]
[EventCountry "BRA"]
[SourceTitle "EXT 2006"]
[Source "ChessBase"]
[SourceDate "2005.11.24"]
[SourceVersion "1"]
[SourceVersionDate "2005.11.24"]
[SourceQuality "1"]

1. Nf3 Nf6 2. g3 g6 3. Bg2 Bg7 4. 0-0 0-0 5. d4 d5 6. Nbd2 Nbd7 7. c4 c6 8. b3 Ne4 9. Bb2 Ndf6 10. Ne5 Be6 11. e3 Qa5 12. Nxe4 Nxe4 13. Qc2 Nd6 14. c5 Bf5 15. Nd3 Nb5 16. Rfd1 Qd8 17. Qe2 Nc7 18. f3 Re8 19. e4 dxe4 20. fxe4 Bxd4+ 21. Nf2 Bxf2+ 22. Qxf2 Bd7 23. Qd4 e5 24. Qxd7 Ne6 25. Qxd8 Raxd8 26. Bxe5 Nxc5 27. Bf6 Rc8 28. e5 Rc7 29. Bh3 Ne4 30. Bd7 1-0

[Event "Maranhense-ch I Etapa"]
[Site "Imperatriz"]
[Date "2003.??.??"]
[Round "2"]
[White "Pontes, Israel Fellip"]
[Black "Lucena, Silvio"]
[Result "0-1"]
[WhiteElo "1912"]
[BlackElo "2098"]
[PlyCount "60"]
[EventDate "2003.02.03"]
[EventType "swiss"]
[EventRounds "7"]
[EventCountry "BRA"]
[SourceTitle "EXT 2006"]
[Source "ChessBase"]
[SourceDate "2005.11.24"]
[SourceVersion "1"]
[SourceVersionDate "2005.11.24"]
[SourceQuality "1"]

1. e4 c6 2. d4 g6 3. c4 d5 4. exd5 cxd5 5. Nc3 Nf6 6. Qb3 Bg7 7. Nf3 0-0 8. Be2 dxc4 9. Bxc4 Nc6 10. Be3 Na5 11. Qb5 Nxc4 12. Qxc4 Be6 13. Qa4 a6 14. 0-0 b5 15. Qc2 Nd5 16. Qd2 Nxc3 17. Qxc3 Bd5 18. Ne5 Rc8 19. Qd2 Bb7 20. b3 Qd5 21. f4 Rc3 22. Nf3 Rfc8 23. Rac1 Qc6 24. Ne5 Qe4 25. Rxc3 Rxc3 26. Rf3 Rc2 27. Qd1 Rxa2 28. h3 a5 29. Nd7 Rb2 30. Kh2 Qxf3 0-1

[Event "Maranhense-ch I Etapa"]
[Site "Imperatriz"]
[Date "2003.??.??"]
[Round "4"]
[White "Sales Filho, Espedito Severiano"]
[Black "Lucena, Silvio"]
[Result "1/2-1/2"]
[WhiteElo "2035"]
[BlackElo "2098"]
[PlyCount "85"]
[EventDate "2003.02.03"]
[EventType "swiss"]
[EventRounds "7"]
[EventCountry "BRA"]
[SourceTitle "EXT 2006"]
[Source "ChessBase"]
[SourceDate "2005.11.24"]
[SourceVersion "1"]
[SourceVersionDate "2005.11.24"]
[SourceQuality "1"]

1. d4 g6 2. Nf3 Bg7 3. Bf4 d6 4. e3 Nd7 5. Nbd2 e5 6. dxe5 dxe5 7. Bg5 Ngf6 8. Ne4 Qe7 9. Bd3 h6 10. Nxf6+ Nxf6 11. Bxf6 Bxf6 12. Nd2 Bg7 13. Qf3 f5 14. Bb5+ Kf8 15. Bc4 c6 16. 0-0-0 Bf6 17. e4 f4 18. g3 g5 19. Qh5 b5 20. Bb3 a5 21. a4 Be6 22. Bxe6 Qxe6 23. Nb3 Be7 24. axb5 a4 25. Na1 Qa2 26. Kd2 Kg7 27. gxf4 exf4 28. bxc6 Qxb2 29. Ke2 Qb5+ 30. Rd3 Qxc6 31. Qf3 Bf6 32. Rhd1 Rhe8 33. Rd7+ Kg6 34. R7d5 Qc4+ 35. Qd3 Rxe4+ 36. Kf1 Bxa1 37. Rxa1 a3 38. Kg2 Qxd3 39. Rxd3 Rc4 40. Rdxa3 Rxa3 41. Rxa3 Rxc2 42. Kf3 Rc6 43. h4 1/2-1/2

[Event "BRA-ch Etapa 9th"]
[Site "Teresina"]
[Date "2002.09.??"]
[Round "5"]
[White "Leitao, Nicolau Daulibe"]
[Black "Lucena, Silvio"]
[Result "1/2-1/2"]
[WhiteElo "1881"]
[BlackElo "2133"]
[PlyCount "71"]
[EventDate "2002.10.03"]
[EventType "swiss"]
[EventRounds "6"]
[EventCountry "BRA"]
[SourceTitle "EXT 2006"]
[Source "ChessBase"]
[SourceDate "2005.11.24"]
[SourceVersion "1"]
[SourceVersionDate "2005.11.24"]
[SourceQuality "1"]

1. Nf3 Nf6 2. g3 b6 3. Bg2 Bb7 4. 0-0 c5 5. d3 g6 6. e4 d6 7. Nbd2 Bg7 8. a4 0-0 9. Nc4 Nc6 10. Bg5 h6 11. Bf4 d5 12. exd5 Nxd5 13. Be5 Nxe5 14. Nfxe5 Qc7 15. Qe2 Rad8 16. f4 a6 17. Rfe1 e6 18. Nd2 Nb4 19. Bxb7 Qxb7 20. Ndf3 Nc6 21. Qe4 Na5 22. Rad1 Qd5 23. Qxd5 Rxd5 24. Kf2 Rfd8 25. Re2 Rc8 26. Ree1 Nc6 27. Nxc6 Rxc6 28. Ne5 Rc8 29. Kf3 Rd4 30. Re4 Bxe5 31. fxe5 Rcd8 32. Rxd4 Rxd4 33. b3 Kf8 34. Rf1 Ke7 35. Ke3 h5 36. h3 1/2-1/2